Sociologie de l'alimentation (notice n° 1568659)

détails MARC
000 -LEADER
fixed length control field 01741cam a2200157 4500500
005 - DATE AND TIME OF LATEST TRANSACTION
control field 20251214005055.0
041 ## - LANGUAGE CODE
Language code of text/sound track or separate title fre
042 ## - AUTHENTICATION CODE
Authentication code dc
100 10 - MAIN ENTRY--PERSONAL NAME
Personal name Cardon, Philippe
Relator term author
245 00 - TITLE STATEMENT
Title Sociologie de l'alimentation
260 ## - PUBLICATION, DISTRIBUTION, ETC.
Name of publisher, distributor, etc. Armand Colin,<br/>
Date of publication, distribution, etc. 2023.<br/>
520 ## - SUMMARY, ETC.
Summary, etc. À la croisée des espaces domestique, politique et marchand, l’alimentation est un objet incontournable pour comprendre le fonctionnement et l’évolution des sociétés. Elle occupe une place centrale dans l’économie, dans l’emploi du temps et le budget des ménages, dans l’administration sanitaire, dans la définition même des classes sociales ou des aires culturelles.Une multitude d’acteurs publics, privés ou associatifs tentent par ailleurs d’orienter notre alimentation pour améliorer notre santé, sauvegarder l’environnement, ouvrir des débouchés commerciaux, promouvoir des valeurs éthiques ou valoriser la gastronomie française.Cet ouvrage présente de manière approfondie l’ensemble de ces problématiques en mettant en perspective les grandes théories sociologiques sur l’alimentation et ses enjeux actuels. Il aborde l’alimentation sous l’angle de l’identité culturelle et de classe ; de la réforme des consommations ; des pratiques quotidiennes et de la socialisation au sein des ménages.La sociologie de l’alimentation offre ainsi un regard original sur les inégalités économiques et sociales, l’éducation, la santé, l’environnement.Blog des auteurs :  https ://solal.hypotheses.org/1300
700 10 - ADDED ENTRY--PERSONAL NAME
Personal name Depecker, Thomas
Relator term author
700 10 - ADDED ENTRY--PERSONAL NAME
Personal name Plessz, Marie
Relator term author
856 41 - ELECTRONIC LOCATION AND ACCESS
Uniform Resource Identifier <a href="https://shs.cairn.info/sociologie-de-l-alimentation--9782200634612?lang=fr&redirect-ssocas=7080">https://shs.cairn.info/sociologie-de-l-alimentation--9782200634612?lang=fr&redirect-ssocas=7080</a>

Pas d'exemplaire disponible.

PLUDOC

PLUDOC est la plateforme unique et centralisée de gestion des bibliothèques physiques et numériques de Guinée administré par le CEDUST. Elle est la plus grande base de données de ressources documentaires pour les Étudiants, Enseignants chercheurs et Chercheurs de Guinée.

Adresse

627 919 101/664 919 101

25 boulevard du commerce
Kaloum, Conakry, Guinée

Réseaux sociaux

Powered by Netsen Group @ 2025